000 00479nam a22001817a 4500
003 CEME
005 20210628205652.0
008 210312b xxu||||| |||| 00| 0 eng d
020 _a1-55851-480-5
040 _c.
082 _a005.44 BOO
100 _aBooth, Joseph
_976548
245 _aFrom xbase to windows crossing over to windows programming
260 _aUSA
_bM&T
_c1996
300 _a245P
650 _aXBASE TO WINDOWS WINDOWS PROGRAMMING
_976549
942 _cBK
_2ddc
999 _c581925
_d581925